000
00333nam a22001457a 4500
008
230630b ||||| |||| 00| 0 eng d
020
_a
0132227509
041
_a
eng
080
_a
51
082
_a
51GAY
100
_a
23
101
_a
MATE
245
_a
BASIC COLLEGE MATHEMATICS WITH EARLY INTEGERS
_c
GAY .M .E
942
_2
udc
_c
BK
999
_c
60064
_d
60064